| 000 | 00000nam##2200000za#4500 |
| 001 | 9.684443 |
| 003 | CaOODSP |
| 005 | 20250611103700 |
| 007 | ta |
| 008 | 150407|2009||||xxc||||| f|0| 0 fre|d |
| 020 | |a978-1-100-90503-7 |
| 040 | |aCaOODSP|bfre |
| 043 | |an-cn--- |
| 086 | 1 |aA118-18/2009F |
| 110 | 1 |aCanada. |bAgriculture et agroalimentaire Canada. |
| 245 | 10|aAgri-investissement : |bGestion des risques de l'entreprise |
| 260 | |aWinnipeg - Manitoba : |bAgriculture et Agroalimentaire Canada |c[2009]. |
| 300 | |a1 feuille pliée [8]p. : |bphotographies ; |c22 cm. |
| 500 | |aLe n° de catalogue (A22-448/2008F) et l’ISBN (978-0-662-08622-2) d’une édition précédente sont imprimés dans cette édition. |
| 563 | |aDépliant |
| 590 | |a09-46|b2009-11-13 |
| 691 | 07|aAssurance-récolte|2gcpds |
| 691 | 07|aGestion des risques|2gcpds |
| 691 | 07|aProgramme d'aide agricole|2gcpds |
| 775 | 08|tAgriInvest : |w(CaOODSP)9.651415 |
| 986 | |aN° AAC 10629F |